00758nam a2200181 i 450000100060000000300090000600500170001500700030003200800410003504000210007610000190009724501580011626000410027430000210031565000220033665000270035885201910038548078ES-MaACL20230906161705.0t|981118s1833 xxk ||||1| eng d aCAM bspa cCCPB1 aCull, Richard.10aObservations on impediments of speech b: with some remarks on their successful treatment in a letter addressed to T.J. Pettigrew... / cby Richard Cull. aLondon : bRenshaw and Rush, c1833. a31 p. ; c22 cm. 4aVoz-xTrastornos.04aLenguaje-xTrastornos. aES-MaACLjT-483 bis-F-5 z-- Enc. hol., en el lomo "Folletos Cólera"z-- Enc. en un vol. facticio z.- En port. anotación manuscrita: "To the editor of the Attheneum from the author"